Konformačná analýza a interpretácia vibračných spektier metyl-2-kyano-3-aminoakrylátu a jeho N-metyl derivátov

Enregistré dans:
Détails bibliographiques
Auteur principal: Juhásová, Helena
Format: Livre
Langue:slovaque
Publié: Bratislava STU FCHPT 2006
Accès en ligne:Voir à l'OPAC
Tags: Ajouter un tag
Pas de tags, Soyez le premier à ajouter un tag!

MARC

LEADER 00000nam a2200000 a 4500
005 20260127134356.0
008 060607 2006 xo 000 0 slo d
035 |a vtls008772706 
039 9 |y 200606131047  |z mschk03 
040 |a STUSCHK1  |b slo  |c STUSCHK1  |e AACR2 
100 1 |a Juhásová, Helena 
245 1 |a Konformačná analýza a interpretácia vibračných spektier metyl-2-kyano-3-aminoakrylátu a jeho N-metyl derivátov 
260 |a Bratislava  |b STU FCHPT  |c 2006 
300 |a 75 s.  |b tab.,grafy, lit. + CD-ROM 
500 |a Obháj.:5.6. 2006 
500 |a Špec.: Fyzikálna chémia 
500 |a Ústav fyzikálnej chémie a chemickej fyziky 
910 |a SCHK95 
999 |c 11192  |d 11192